| Поле | Инд. | ПП | Название | Значение |
|---|---|---|---|---|
| Тип записи | a | |||
| Библиографический уровень | b | |||
| 001 | Контрольный номер | RU/IS/BASE/228483558 | ||
| 005 | Дата корректировки | 20200630193221.9 | ||
| 008 | Кодируемые данные | 20070329 | ||
| 040 | b | Код языка каталог. | rus | |
| e | Правила каталог. | PSBO | ||
| 041 | 0_ | a | Код языка текста | rus |
| 084 | a | Индекс другой классификации/Индекс ББК | 63.3(2)52-3-459.1; 63.3(2)6-3-459.1; 67.3(2Рос); 67.75(2Рос)г | |
| 100 | 1_ | a | Автор | Варфоломеев Ю. В. |
| q | Полное имя | Варфоломеев Юрий Владимирович | ||
| 245 | 10 | a | Заглавие | Николай Константинович Муравьев |
| b | Продолж. заглавия | [Исторический портрет] | ||
| 504 | a | Библиография | Лит. в примеч.: с. 70 - 72 | |
| 520 | a | Аннотация | "Н. К. Муравьева называли митрополитом русской адвокатуры. Потомственный дворянин, он был защитником рабочих-стачечников и вольнодумцев, восставших матросов и толстовцев-пацифистов, инородцев и крестьян бунтарей, сектантов и партийных активистов, депутатов Государственной думы и революционеров-террористов... Он выступал адвокатом на политических процессах в дооктябрьский и постоктябрьский периоды." | |
| 600 | a | Персоналии | Муравьев Николай Константинович | |
| 650 | a | Основная рубрика | адвокатура | |
| a | Основная рубрика | внутренняя политика | ||
| a | Основная рубрика | история | ||
| a | Основная рубрика | история государства и права | ||
| a | Основная рубрика | право | ||
| a | Основная рубрика | правоохранительные органы | ||
| 653 | 1_ | a | Ключевые слова | "молодая адвокатура" |
| a | Ключевые слова | XIX век | ||
| a | Ключевые слова | XX век | ||
| a | Ключевые слова | адвокатская деятельность | ||
| a | Ключевые слова | государственная деятельность | ||
| a | Ключевые слова | общественно-политическая деятельность | ||
| a | Ключевые слова | политическая защита | ||
| a | Ключевые слова | политические процессы | ||
| a | Ключевые слова | правозащитная деятельность | ||
| a | Ключевые слова | профессиональные союзы (профсоюзы) | ||
| a | Ключевые слова | Россия | ||
| a | Ключевые слова | советский период | ||
| a | Ключевые слова | Чрезвычайная следственная комиссия | ||
| a | Ключевые слова | юрисконсультская деятельность | ||
| 773 | 0_ | t | Заглавие источника | Вопросы истории |
| d | Дата издания источника | 2006 | ||
| g | Прочая информация | № 11. - С. 54 - 70 | ||
| w | Контрольный № источника | RU/IS/BASE/218295053 | ||
| 901 | t | Тип документа | b |